Statistics for Historical Timeline of Hungary

Click here to take the quiz!

General Stats

  • This quiz has been taken 115 times
  • The average score is 13 of 14

Answer Stats

YearHintAnswer% Correct
370H_____ EmpireHunnic Empire
100%
895Principality of H______Principality of Hungary
99%
1000 | 1920Kingdom of H______Kingdom of Hungary
99%
1989H______Hungary
99%
20R____ EmpireRoman Empire
95%
1541O______ EmpireOttoman Empire
95%
1946H________ RepublicHungarian Republic
95%
1949H________ People's RepublicHungarian People's Republic
95%
1804A_______ EmpireAustrian Empire
92%
1867A______-H______Austria-Hungary
87%
567Av__ KhaganateAvar Khaganate
79%
1526H_______ MonarchyHabsburg Monarchy
76%
833Great Mo_____Great Moravia
43%

Score Distribution

Percentile by Number Answered

Percent of People with Each Score

Your Score History

You have not taken this quiz